000 00548nam a22001697a 4500
008 140826t cl||||| |||| 00| 0 spa d
020 _a9789588392158
050 0 4 _aKHH2698
_bC66 2010
245 0 0 _aConceptos ordinarios 2009/
_ccol. Álvaro Barrero Buitrago... [ed. al]
250 _a1a ed.
260 _aColombia :
_bAcademia colombiana de jurisprudencia,
_c2010
300 _a214 p. ;
_c22 cm.
504 _aIncluye bibliografias
650 7 _2LEMB
_aConstitución
_xResoluciones
700 1 _aBarrero Buitrago, Álvaro, col.
942 _2ddc
_cLIB
999 _c77464
_d77464